Célébrités qui a participé le plus de fois a fort Boyard mort subite - Statistiques

Statistiques générales
  • Ce quiz a été pris 97 fois
  • Le résultat moyen est 6 sur 9
Answers on the Grid
Answers color-coded by a green-red scale on the quiz's grid according to % correct below.
Elodie gossoin
Booder
Alex goude
Artus
Sylvie Tellier
Clarisse Agbegnenou
Eve gilles
Gims
Bruno Guillon
Laurent maistret
Camille cerf
Sch
Camille Lacourt
Laure Manaudou
Shy'm
Alexandra Rosenfeld
Amelie moresmo
Gerrard vivès
 
Statistiques - réponses
Réponse % Correct
Elodie gossoin
86%
Sylvie Tellier
81%
Bruno Guillon
71%
Camille cerf
67%
Camille Lacourt
60%
Laurent maistret
52%
Alex goude
49%
Alexandra Rosenfeld
44%
Gerrard vivès
40%
Aucun quiz correspondant
Distribution des résultats
% des personnes avec chaque résultat
Percentile par nombre de réponses
Votre historique - résultats
Vous n’avez pas pris ce quiz